00302nam a2200121Ia 4500008004100000100001700041245006800058260001200126260001100138260000900149300000700158650001500165160118s9999 xx 000 0 und d aKirinda,D.L. aRepellent Activity of Selected plant Extracts Against Black Ant aColombo bIchemc c2011 a41 a Black Ant